Effect of discharge treatment on vulcanised rubber surfaces (Record no. 57805)

MARC details
000 -LEADER
fixed length control field 00493nam a2200169Ia 4500
100 ## - MAIN ENTRY--AUTHOR NAME
Personal name Kusano Y
245 #0 - TITLE STATEMENT
Title Effect of discharge treatment on vulcanised rubber surfaces
260 ## - PUBLICATION, DISTRIBUTION, ETC. (IMPRINT)
Name of publisher In: Proceedings of the International Rubber Conference, Kobe, 1995, p432-435
650 ## - SUBJECT ADDED ENTRY--TOPICAL TERM
Topical Term Discharge treatment
650 ## - SUBJECT ADDED ENTRY--TOPICAL TERM
Topical Term Vulcanised rubbers
700 ## - ADDED ENTRY--PERSONAL NAME
Personal name Kato N
700 ## - ADDED ENTRY--PERSONAL NAME
Personal name Natio K
700 ## - ADDED ENTRY--PERSONAL NAME
Personal name Noguchi T
700 ## - ADDED ENTRY--PERSONAL NAME
Personal name Yoshikawa M
942 ## - ADDED ENTRY ELEMENTS (KOHA)
Koha item type Journals
Holdings
Withdrawn status Lost status Damaged status Not for loan Home library Current library Shelving location Date acquired Koha item type
      Journals RRII Library RRII Library Rubber chemistry 17/12/2021 Journals